01191nam a22002777a 4500001000500000005001700005020001800022040002400040050001500064082001000079100001400089245005500103250004500158260003700203300005900240505000800299520018300307521002000490521002000510650002300530906004500553942001500598999001500613952014200628952014300770335920240304102046.0 a9780590469883 aDLCcDLCeamimbeng00aPE1449.A53 a428.1 aCatherine00aAll about you /cby Catherine and Laurence Anbolt  aFirst published in Great Britain in 1991 aNew York : c1991bScholastic ,  a30 unumbered pages : bcolor illustrations ;c26 cm .  aG  aWhen you wake up in the morning, how do you feel? Happy, tired, sad? Noisy, quiet, glad? This book invites very young children to think and talk about themselves and their world. a370 bLexile  aG bRaz-Plus  afeelingsvFiction  a0bibccorignewduencipf19gy-movingim 2ddccBKn0 c3359d3359 00102ddc40708JUVFa001b002cTTPd2024-02-29l3oCAT 428.1 PE1449.A53pFISTK00733r2026-01-14 13:28:08s2025-08-05t1w2024-02-29yBK 00102ddc40708JUVFa001b001cTK Green 7-57-60d2025-01-27l0oCAT 428.1 PE1449.A53pFISBK05851r2025-01-27 08:34:39t2w2025-01-27yBK